| 000 | 00578nam a2200205Ia 4500 | ||
|---|---|---|---|
| 005 | 20250923145949.0 | ||
| 008 | 008 250917s9999 xx 000 0 eng d | ||
| 037 | _aTextual | ||
| 040 |
_aDSWL _beng _cDSWL |
||
| 041 |
_aeng _2eng |
||
| 084 |
_aW,64.2, N98 _qDSWL |
||
| 100 |
_aBiju, M.R. _9840791 |
||
| 245 | 0 |
_aDynamics of New Panchayati Raj System _c by M.R. Biju |
|
| 260 |
_aNew Delhi _bKanishka Publisher Dist. _c1998 |
||
| 300 | _axii,368 p. | ||
| 365 |
_aINR _b595.00 |
||
| 925 | _g595.00 | ||
| 942 |
_cTEXL _hW,64.2, N98 |
||
| 999 |
_c1457891 _d1457891 |
||